SPSS/PC+ ανάλυση δεδομένων

Αποθηκεύτηκε σε:
Λεπτομέρειες βιβλιογραφικής εγγραφής
Κύριος συγγραφέας: Ρετινιώτης, Σταμάτης
Μορφή: Βιβλίο
Γλώσσα:Greek
Δημοσίευση: Αθήνα : Νέες Τεχνολογίες, 1992.
Θέματα:
Ετικέτες: Προσθήκη ετικέτας
Δεν υπάρχουν, Καταχωρήστε ετικέτα πρώτοι!

MARC

LEADER 00000cam a2200000 i 4500
001 1/72492
008 980602s1992 gr | ||| |||| ||gre||
020 |a 9607235010 
035 |l 10031254 
040 |a GR-MyUa  |b gre  |e AACR2 
041 0 |a gre 
082 7 |a 300.2855369   |2 (22) 
100 1 |a Ρετινιώτης, Σταμάτης. 
245 1 0 |a SPSS/PC+ ανάλυση δεδομένων /   |c Σταμάτη Ρετινιώτη.  
260 |a Αθήνα :   |b Νέες Τεχνολογίες,   |c 1992.  
300 |a 213 σ. ;   |c 24 εκ. 
630 0 0 |a SPSS/PC+ (Computer file) 
650 0 |a Social sciences  |x Statistical methods  |x Computer programs. 
852 |a INST  |b RHODES  |e 19980602  |h 300.2855369 ΡΕΤ  |p 005400006552  |q 005400006552  |t BK  |y 0 
901 |a BIBL-1998-2 
922 |a 4ΕΛΗ  |b 199711  |c ΤΣΟΛΑΚΙΔΗΣ  |d EMVASIS